=LDR 00000nam 2200000 4500 =001 INLIS000000000058403 =005 20210921094030 =035 ##$$a 0010-0921000207 =007 ta =008 210921###########################0#ind## =020 ##$$a 978-602-6227-10-2 =082 ##$$a 920 =084 ##$$a 920 Ifa i =245 1#$$a Ir.Juanda Kartawijaya : $b Cendekiawan sang deklarator negara kepulauan /$c Ifah Nurjany =300 ##$$a 52 halaman : $b Ilustrasi ; $c 21 cm =600 #4$$a Biografi =264 ##$$a jakarta :$b Bee media pustaka,$c 2020 =336 ##$$a teks$2 rdacontent =337 ##$$a lain-lain$2 rdamedia =338 ##$$a lain-lain$2 rdacarrier =990 ##$$a 10531053 =990 ##$$a 10531053